Statistics for Biggest Cities In Uzbekistan Quiz

Click here to take the quiz!

General Stats

  • This quiz has been taken 7 times
  • The average score is 3 of 10

Answer Stats

HintAnswer% Correct
Modern day capital city of UzbekistanTashkent
100%
Major city that used to be on the Silk RoadSamarkand
67%
Capital of the Samanid EmpireBukhara
50%
Birthplace of Babur, who established the Mughal Empire in IndiaAndijan
17%
Big centre for oil from the surrounding valleyFerghana
17%
Easternmost major city in UzbekistanNamangan
17%
Westernmost major city in UzbekistanNukus
17%
Genghis Khan's summer pasture was built hereQarshi
17%
Center of an anti-Russian uprising in Central AsiaJizzakh
0%
Home to one of the purest gold deposits in the worldNavoiy
0%

Score Distribution

Percentile by Number Answered

Percent of People with Each Score

Your Score History

You have not taken this quiz